| 000 | 00487cam a22001697a 4500 | ||
|---|---|---|---|
| 008 | 180718b2000 xxu||||| |||| 00| 0 eng d | ||
| 082 | _aB3 Sh23pp | ||
| 100 | _aSharma, R.D. | ||
| 245 |
_aPolicy analysis: a cross country comparison _cby R.D. Sharma |
||
| 260 |
_aDelhi _bDevika _c2000 |
||
| 300 | _a404p. | ||
| 650 | _aGovernment enterprise - India. | ||
| 650 | _aEconomic policy - India | ||
| 650 | _aEducation - India | ||
| 650 | _aPublic policy | ||
| 650 | _aPublic administration | ||
| 999 |
_c492113 _d492113 |
||